Setting the Gospel free / (Record no. 128997)
[ view plain ]
| 000 -LEADER | |
|---|---|
| fixed length control field | 01093cam a2200277 a 4500 |
| 001 - CONTROL NUMBER | |
| control field | 88116 |
| 003 - CONTROL NUMBER IDENTIFIER | |
| control field | ARRUPE |
| 005 - DATE AND TIME OF LATEST TRANSACTION | |
| control field | 20190214092311.0 |
| 008 - FIXED-LENGTH DATA ELEMENTS--GENERAL INFORMATION | |
| fixed length control field | 951109s1995 sa 000 0 eng |
| 010 ## - LIBRARY OF CONGRESS CONTROL NUMBER | |
| LC control number | 95223785 |
| 020 ## - INTERNATIONAL STANDARD BOOK NUMBER | |
| International Standard Book Number | 1875053034 |
| 035 ## - SYSTEM CONTROL NUMBER | |
| System control number | (OCoLC)34561315 |
| 040 ## - CATALOGING SOURCE | |
| Original cataloging agency | MCW |
| Transcribing agency | MCW |
| Modifying agency | DLC |
| 042 ## - AUTHENTICATION CODE | |
| Authentication code | lccopycat |
| 050 00 - LIBRARY OF CONGRESS CALL NUMBER | |
| Classification number | BS2555.2 |
| Item number | .K544 1995 |
| 082 00 - DEWEY DECIMAL CLASSIFICATION NUMBER | |
| Classification number | 225.6 |
| Edition number | 21 |
| 300 ## - PHYSICAL DESCRIPTION | |
| Dimensions | 21 cm. |
| 100 1# - MAIN ENTRY--PERSONAL NAME | |
| Personal name | King, Nicholas, |
| Dates associated with a name | 1947- |
| 9 (RLIN) | 44635 |
| 245 10 - TITLE STATEMENT | |
| Title | Setting the Gospel free / |
| Statement of responsibility, etc | Nicholas King. |
| 260 ## - PUBLICATION, DISTRIBUTION, ETC. (IMPRINT) | |
| Place of publication, distribution, etc | Pietermaritzburg, Republic of South Africa : |
| Name of publisher, distributor, etc | Cluster Publications ; |
| Place of publication, distribution, etc | Johannesburg : |
| Name of publisher, distributor, etc | Thorold's Africana Books [distributor], |
| Date of publication, distribution, etc | 1995. |
| 300 ## - PHYSICAL DESCRIPTION | |
| Extent | 142 p. ; |
| 500 ## - GENERAL NOTE | |
| General note | Based on a series of lectures presented at the Catholic Theological Winter School, 1993. |
| 630 00 - SUBJECT ADDED ENTRY--UNIFORM TITLE | |
| Uniform title | Bible. |
| Name of part/section of a work | Gospels |
| General subdivision | Criticism, interpretation, etc. |
| 9 (RLIN) | 44636 |
| 906 ## - LOCAL DATA ELEMENT F, LDF (RLIN) | |
| a | 7 |
| b | cbc |
| c | copycat |
| d | 3 |
| e | ncip |
| f | 19 |
| g | y-gencatlg |
| 942 ## - ADDED ENTRY ELEMENTS (KOHA) | |
| Source of classification or shelving scheme | Library of Congress Classification |
| Koha item type | Monograph ( Printed materials) |
| Withdrawn status | Lost status | Source of classification or shelving scheme | Damaged status | Not for loan | Collection code | Home library | Current library | Shelving location | Date acquired | Total Checkouts | Full call number | Barcode | Date last seen | Price effective from | Koha item type |
|---|---|---|---|---|---|---|---|---|---|---|---|---|---|---|---|
| Library of Congress Classification | Main Collection | ARRUPE LIBRARY | ARRUPE LIBRARY | Main Collection | 14/02/2019 | BS2555.2 .K544 1995 | 46600003766 | 14/02/2019 | 14/02/2019 | Monograph ( Printed materials) |